Loading...
| Literature - American | 0 | 6 | 1 | 3 | 55 | 130 | 150.50 | 0 | 0 | 2.63 | 15.22 |
| Philosophy | 0 | 5 | 0 | 2 | 50 | 118 | 143.60 | 0 | 0 | 1.26 | 15.19 |
| Fine Arts - Classical Music and Opera | 0 | 5 | 1 | 2 | 45 | 112 | 138.20 | 0 | 0 | 2.67 | 15.04 |
| Literature - World | 1 | 3 | 0 | 2 | 45 | 59 | 131.75 | 0 | 1 | 5.50 | 13.29 |
| Fine Arts - Other Arts | 2 | 3 | 4 | 1 | 40 | 15 | 91.60 | 2 | 2 | 15.77 | 25.13 |
| Social Science | 0 | 3 | 0 | 1 | 30 | 108 | 128.67 | 0 | 0 | 1.26 | 10.19 |
| Other Culture | 1 | 1 | 0 | 0 | 25 | 90 | 103.00 | 0 | 0 | 16.89 | 29.58 |
| History - Other | 0 | 2 | 0 | 0 | 20 | 101 | 125.00 | 0 | 1 | 2.35 | 10.19 |
| Geography | 0 | 2 | 0 | 1 | 20 | 149 | 153.00 | 0 | 0 | 0.01 | 8.17 |
| History - European | 0 | 2 | 0 | 1 | 20 | 133 | 148.50 | 0 | 0 | 0.06 | 4.87 |
| Fine Arts - Painting and Sculpture | 0 | 1 | 0 | 0 | 10 | 137 | 137.00 | 0 | 0 | 0.67 | 1.18 |
| History - World | 0 | 1 | 0 | 1 | 10 | 134 | 134.00 | 0 | 0 | 0.06 | 3.55 |
| Literature - British | 0 | 2 | 2 | 2 | 10 | 160 | 165.00 | 0 | 0 | -0.09 | 3.83 |
| Modern World | 0 | 1 | 0 | 0 | 10 | 88 | 88.00 | 0 | 0 | 6.87 | 9.23 |
| Religion | 0 | 1 | 0 | 0 | 10 | 132 | 132.00 | 0 | 0 | 0.17 | 3.59 |
| Literature - European | 0 | 0 | 0 | 0 | 0 | 0.00 | 0 | 0 | 0.00 | 0.00 | |
| Other Academic | 0 | 0 | 0 | 0 | 0 | 0.00 | 0 | 0 | 0.00 | 0.00 | |
| History - American | 0 | 0 | 1 | 0 | -5 | 0.00 | 0 | 0 | 0.00 | 0.00 |